000 00508nam a2200181Ia 4500
003 GCL
008 140319s9999 xx 000 0 ara d
040 _aGCL /
_cGCL
082 0 4 _a701.18
_bد س
100 1 _aدوفينو، جان
245 1 0 _aسوسيولوجيا الفن /
_cدوفينو، جان
700 1 _aهدى بركات
300 _a127 ص
490 _aالهيئة العامة للاستعلامات
_v0
650 0 4 _aالفن
650 0 4 _aالفن والمجتمع
942 _2ddc
_cBK
999 _c49569
_d49569